000 01004nam a2200301 a 4500
001 BRCA_769
005 20190320203138.0
008 740521s1984 sp-a---###---#000-0#spa-d
040 _aBUF
_cBUF
041 _aspaeng
050 4 _aN7740
_b.P36 1984
100 1 _aPanofsky, Erwin
_d1892-1968
_91543
245 1 0 _aEstudios sobre iconología
_cErwin Panofsky, prólogo de Enrique Lafuente Ferrari, versión española de Bernardo Fernández.
250 _a6
260 _aMadrid
_bAlianza
_c1984
300 _axl, 348 p.
_bil.
_c20 cm.
440 0 _aAlianza Universidad
_92556
500 _aTraducción de: Studies in Iconology
500 _aIncluye lista de láminas e ilustraciones
504 _aBibliografía: p. 323-339
650 1 4 _aArte, Renacimiento
_92557
650 1 4 _aHumanismo
_92558
650 1 4 _aArte renacentista
_xCritica e interpretación
_92559
650 1 4 _aIconología
_92560
700 1 _aLafuente Ferrari, Enrique
_92561
700 1 _aFernández, Bernardo
_92562
942 _2lcc
_cB
999 _c666
_d666